The monk / (Record no. 1552)
[ view plain ]
| 000 -LEADER | |
|---|---|
| fixed length control field | 02010nam a22003737a 4500 |
| 001 - CONTROL NUMBER | |
| control field | 1552 |
| 003 - CONTROL NUMBER IDENTIFIER | |
| control field | FISKH |
| 005 - DATE AND TIME OF LATEST TRANSACTION | |
| control field | 20230906144032.0 |
| 008 - FIXED-LENGTH DATA ELEMENTS--GENERAL INFORMATION | |
| fixed length control field | 230906b cb ||||| |||| 00| 0 eng d |
| 020 ## - INTERNATIONAL STANDARD BOOK NUMBER | |
| International Standard Book Number | 9781847498168 |
| 035 ## - SYSTEM CONTROL NUMBER | |
| System control number | (DLC) 2002025111 |
| 040 ## - CATALOGING SOURCE | |
| Original cataloging agency | FISKH |
| Transcribing agency | FISKH |
| Modifying agency | FISKH |
| Language of cataloging | eng |
| 043 ## - GEOGRAPHIC AREA CODE | |
| Geographic area code | e-sp--- |
| 050 00 - LIBRARY OF CONGRESS CALL NUMBER | |
| Classification number | PR4887 |
| Item number | .M7 2002b |
| 082 00 - DEWEY DECIMAL CLASSIFICATION NUMBER | |
| Classification number | 823/.7 |
| Edition number | 21 |
| 100 1# - MAIN ENTRY--PERSONAL NAME | |
| Personal name | Lewis, M. G. |
| Fuller form of name | (Matthew Gregory), |
| Dates associated with a name | 1775-1818. |
| 245 14 - TITLE STATEMENT | |
| Title | The monk / |
| Statement of responsibility, etc. | Mathew Gregory Lewis |
| Remainder of title | A romance |
| 260 ## - PUBLICATION, DISTRIBUTION, ETC. | |
| Place of publication, distribution, etc. | London : |
| Name of publisher, distributor, etc. | Alma Classics, |
| Date of publication, distribution, etc. | 2019 |
| 300 ## - PHYSICAL DESCRIPTION | |
| Extent | 436 pages : |
| Dimensions | 20 cm |
| 490 1# - SERIES STATEMENT | |
| Series statement | Alma Classics |
| 520 ## - SUMMARY, ETC. | |
| Summary, etc. | A masterpiece of the Gothic genre, The Monk tells the story of the Capuchin friar Ambrosio and his fall from grace through desire, greed and lust. Favourably reviewed at first, the novel was later so widely and raucously denounced for its perceived licentiousness, blasphemy and corrupting influence that Lewis had to remove controversial passages from future editions. Unsurprisingly, amidst this furore, the book was immensely popular with the reading public.<br/><br/>Suffused with eroticism, and focusing on the corrupting influence of power, The Monk pioneered a shocking new form of Gothic novel, where elements such as mob violence, incest and brutal murder replaced the gentler horrors of earlier practitioners of the genre. |
| 521 8# - TARGET AUDIENCE NOTE | |
| Target audience note | 990 <br/> |
| Source | Lexile |
| 650 #0 - SUBJECT ADDED ENTRY--TOPICAL TERM | |
| Topical term or geographic name entry element | Monks |
| Form subdivision | Fiction. |
| 650 #0 - SUBJECT ADDED ENTRY--TOPICAL TERM | |
| Topical term or geographic name entry element | Incest |
| Form subdivision | Fiction. |
| 650 #0 - SUBJECT ADDED ENTRY--TOPICAL TERM | |
| Topical term or geographic name entry element | Rape |
| Form subdivision | Fiction. |
| 651 #0 - SUBJECT ADDED ENTRY--GEOGRAPHIC NAME | |
| Geographic name | Madrid (Spain) |
| Form subdivision | Fiction. |
| 655 #7 - INDEX TERM--GENRE/FORM | |
| Genre/form data or focus term | Gothic fiction. |
| Source of term | gsafd |
| 655 #7 - INDEX TERM--GENRE/FORM | |
| Genre/form data or focus term | Horror fiction. |
| Source of term | gsafd |
| 856 42 - ELECTRONIC LOCATION AND ACCESS | |
| Materials specified | Publisher description |
| Uniform Resource Identifier | <a href="http://www.loc.gov/catdir/enhancements/fy0613/2002025111-d.html">http://www.loc.gov/catdir/enhancements/fy0613/2002025111-d.html</a> |
| 856 42 - ELECTRONIC LOCATION AND ACCESS | |
| Materials specified | Contributor biographical information |
| Uniform Resource Identifier | <a href="http://www.loc.gov/catdir/enhancements/fy0725/2002025111-b.html">http://www.loc.gov/catdir/enhancements/fy0725/2002025111-b.html</a> |
| 906 ## - LOCAL DATA ELEMENT F, LDF (RLIN) | |
| a | 7 |
| b | cbc |
| c | orignew |
| d | 1 |
| e | ocip |
| f | 20 |
| g | y-gencatlg |
| 942 ## - ADDED ENTRY ELEMENTS (KOHA) | |
| Source of classification or shelving scheme | Dewey Decimal Classification |
| Koha item type | Books |
| Suppress in OPAC | No |
| Withdrawn status | Lost status | Source of classification or shelving scheme | Damaged status | Not for loan | Collection | Home library | Current library | Shelving location | Date acquired | Total Checkouts | Full call number | Barcode | Date last seen | Price effective from | Koha item type |
|---|---|---|---|---|---|---|---|---|---|---|---|---|---|---|---|
| Dewey Decimal Classification | Fiction | Footprints International School Library Network Toul Kork Campus | Footprints International School Library Network Toul Kork Campus | 09/06/2023 | LEW 823.7 PR4887 | 2023-0505 | 10/18/2023 | 09/06/2023 | Books |
